Top 100 NBA Players based of RPG, APG, and PPG - Statistics

General Stats
  • This quiz has been taken 79 times
  • The average score is 58 of 100
Answer Stats
Team Points per Game Rebounds per Game Assists per game Average Answer % Correct
Warriors 30.1 22.9 4.4 19.133 Wilt Chamberlain
97%
Lakers 27.0 7.5 7.4 13.9 LeBron James
95%
Maverics 28.6 8.7 8.3 15.166 Luka Dončić
95%
Bulls 30.1 6.2 5.3 13.866 Michael Jordan
95%
Lakers 27.0 5.8 6.7 13.166 Jerry West
94%
Thunder 27.2 7.0 4.4 12.866 Kevin Durant
94%
Thunder 21.3 7.0 8.1 12.1 Russell Westbrook
94%
Lakers 23.7 10.9 2.5 12.366 Shaquille O'Neal
94%
Nuggets 21.6 10.9 7.2 13.233 Nikola Jokić
92%
Jazz 25.0 10.1 3.6 12.9 Karl Malone
91%
Rockets 24.1 5.6 7.2 12.3 James Harden
89%
Lakers 25.0 5.2 4.7 11.633 Kobe Bryant
89%
76ers 20.3 12.3 1.3 11.3 Moses Malone
89%
Spurs 19.0 10.8 3.0 10.933 Tim Duncan
89%
Bucks 23.8 9.9 4.9 12.866 Giannis Antetokounmpo
88%
Celtics 24.3 10.0 6.3 13.533 Larry Bird
88%
76ers 27.7 11.0 3.7 14.133 Joel Embiid
86%
Timberwolves 17.8 10.0 3.7 10.5 Kevin Garnett
86%
Lakers 19.5 7.2 11.2 12.633 Magic Johnson
86%
Spurs 21.1 10.6 2.5 11.4 David Robinson
84%
76ers 24.2 8.5 4.2 12.3 Julius Erving
84%
Cavaliers 23.7 4.1 5.6 11.133 Kyrie Irving
84%
Warriors 24.7 4.7 6.4 11.933 Stephen Curry
84%
76ers 26.7 3.7 6.2 12.2 Allen Iverson
83%
Celtics 15.1 22.5 4.3 13.966 Bill Russell
83%
Suns 22.1 11.7 3.9 12.566 Charles Barkley
83%
Royals 25.7 7.5 9.5 14.233 Oscar Robertson
83%
Hawks 25.3 3.1 9.8 12.866 Trae Young
83%
Lakers 24.2 10.7 2.5 12.466 Anthony Davis
81%
Trail Blazers 25.1 4.3 6.7 12.033 Damian Lillard
81%
Mavericks 20.7 7.5 2.4 10.2 Dirk Nowitzki
81%
Knicks 21.0 9.8 1.9 10.9 Patrick Ewing
80%
Bullets 16.2 12.1 2.5 10.266 Gus Johnson
78%
Timberwolves 23.0 11.1 3.2 13.5 Karl-Anthony Towns
78%
Suns 17.9 3.3 9.1 10.1 Kevin Johnson
78%
Bucks 20.1 7.0 3.6 10.233 Marques Johnson
78%
Hawks 24.8 6.7 2.5 11.333 Dominique Wilkins
77%
Rockets 21.8 11.1 2.5 11.8 Hakeem Olajuwon
73%
Pistons 19.2 3.6 9.3 10.7 Issiah Thomas
73%
Celtics 23.5 7.3 3.8 11.533 Jayson Tatum
73%
Hawks 26.4 16.2 3.0 15.2 Bob Pettit
72%
Raptors 20.0 6.3 3.0 9.766 Kawhi Leonard
70%
Pacers 20.6 6.3 3.7 10.2 Paul George
70%
Nuggets 22.7 4.1 3.3 10.033 David Thompson
69%
Lakers 27.4 13.5 4.3 15.066 Elgin Baylor
69%
Nuggets 22.5 6.2 2.7 10.466 Carmello Anthony
66%
Heat 22.0 4.7 5.4 10.7 Dwane Wade
66%
Wizards 18.7 4.2 8.9 10.6 John Wall
66%
Suns 24.4 4.0 5.2 11.2 Devin Booker
64%
Magic 15.7 11.8 1.3 9.6 Dwight Howard
61%
Spurs 25.1 5.3 2.6 11 George Gervin
61%
Celtics 20.8 6.3 4.8 10.633 John Havlicek
61%
Wizards 21.6 4.1 4.3 10 Bradley Beal
58%
Timberwolves 23.8 5.3 4.2 11.066 Anthony Edwards
56%
Lakers 17 9.2 3.2 9.4 Pau Gasol
56%
Hornets 17.1 4.4 9.3 10.266 Chris Paul
53%
Trail Blazers 20.4 6.1 5.6 10.7 Clyde Drexler
53%
Celtics 18.4 5.2 7.5 10.366 Bob Cousy
52%
Hornets 19.3 3.8 5.3 9.466 Kemba Walker
52%
Knicks 18.9 5.9 6.1 10.3 Walt Frazier
52%
Spurs 22.5 10.8 3.8 12.366 Victor Wembanyama
50%
Warriors 24.8 6.7 4.9 12.133 Rick Barry
48%
Kings 20.7 9.8 4.2 11.566 Chris Webber
47%
Raptors 21.3 4.4 4.1 9.933 DeMar DeRozan
47%
Rockets 19.6 5.6 4.4 9.866 Tracy McGrady
47%
Knicks 18.7 12.9 1.8 11.133 Willis Reed
47%
Lakers 23.1 12.4 2.8 13.1 George Mikan
45%
Bullets 10.8 14.0 3.9 9.566 Wes Unseld
45%
Rockets 19.0 9.2 1.6 9.933 Yao Ming
45%
Nuggets 21.5 5.5 3.6 10.2 Alex English
44%
Cavaliers 24.8 4.3 4.7 11.266 Donovan Mitchell
44%
Rockets 21.0 12.5 1.8 11.766 Elvin Hayes
44%
Spurs 19.1 8.1 1.9 9.7 LaMarcus Aldridge
44%
76ers 21.2 10.4 4.3 11.966 Billy Cunningham
41%
Warriors 17.7 3.3 8.2 9.733 Tim Hardaway
39%
Jazz 24.3 5.7 3.0 11 Adrian Dantley
38%
Celtics 17.6 13.6 3.8 11.666 Dave Cowens
38%
Knicks 22.5 5.8 3.3 10.533 Bernard King
36%
Warriors 15.0 15.0 2.7 10.9 Nate Thurmond
36%
Pistons 20.1 10.1 3.1 11.1 Bob Lanier
31%
Warriors 22.8 8.6 2.3 11.233 Paul Arizin
27%
76ers 19.2 5.0 4.0 9.4 Hal Greer
25%
Kings 18.8 2.3 7.4 9.5 Tiny Archibald
25%
76ers 13.5 7.5 7.3 9.433 Ben Simmons
23%
Royals 17.0 15.6 3.3 11.966 Jerry Lucas
22%
Knicks 20.1 13.7 2.4 12.066 Walt Bellamy
22%
Nuggets 22.6 9.1 2.4 11.366 Dan Issel
20%
Pistons 16.1 11.0 2.9 10 Dave DeBusschere
20%
Supersonics 15.6 9.8 3.2 9.533 Jack Sikma
19%
Lakers 24.6 11.2 3.6 12.266 Kareem Abdul-Jabbar
17%
Bucks 18.5 6.8 3.4 9.566 Bob Dandridge
11%
Celtics 18.6 8.8 2.0 9.8 Tom Heinsohn
11%
Suns 16.4 10.5 1.6 9.5 Deandre Ayton
9%
Nets 16.5 9.3 2.5 9.433 Derrick Coleman
9%
Pacers 20.2 11.0 3.7 11.633 George McGinnis
5%
Pistons 19.2 8.9 1.7 9.933 George Yardley
3%
Nationals 18.5 12.1 3.1 11.233 Dolph Shayes
2%
Hawks 17.1 10.9 1.5 9.833 Zelmo Beaty
2%
Cavaliers 19.0 9.5 3.7 10.733 Brad Daughtry
0%
Spurs 17.2 8.9 2.2 9.433 Larry Kenon
0%
No matching quizzes found
Score Distribution
Percent of People with Each Score
Percentile by Number Answered
Your Score History
You have not taken this quiz